Relevamiento florístico de Santa Catalina /
Guardado en:
| Autor Principal: | |
|---|---|
| Formato: | Libro |
| Idioma: | Spanish |
| Publicado: |
Lomas de Zamora :
Universidad Nacional de Lomas de Zamora, Facultad de Ingeniería y Ciencias Agrarias,
1996.
|
| Etiquetas: |
Agregar Etiqueta
Sin Etiquetas, Sea el primero en etiquetar este registro!
|
| LEADER | 00572nam a22001455a 4500 | ||
|---|---|---|---|
| 001 | EEA.libagro005529 | ||
| 005 | 20161014094026.0 | ||
| 008 | 130809s1996####ag#a##########000#0#spa#d | ||
| 020 | |a 9879969618 | ||
| 082 | 0 | 4 | |a 581.98212 |
| 100 | 1 | |a De Magistris, Alberto Antonio. | |
| 245 | 1 | 0 | |a Relevamiento florístico de Santa Catalina / |c Alberto Antonio De Magistris. |
| 260 | |a Lomas de Zamora : |b Universidad Nacional de Lomas de Zamora, Facultad de Ingeniería y Ciencias Agrarias, |c 1996. | ||
| 300 | |a 84 p. : |b il., mapa ; |c 21 cm. | ||
| 859 | |a AR-BbBCA |b BIB. AGRONOMIA |h 581.98212 |i D369 |p 1997/2843 | ||
